| 000 | 01666nam a2200385 a 4500 | ||
|---|---|---|---|
| 001 | 000042412 | ||
| 003 | DO-SdBNP | ||
| 005 | 20250311102159.0 | ||
| 007 | ta | ||
| 008 | 131128s2009 dr cf r 000 0 spa d | ||
| 020 | _a9789993467540 | ||
| 040 |
_aDO-SdBNP _bspa _cBNPHU |
||
| 082 | 4 |
_a728.097293 _bD948a _222 |
|
| 100 | 1 |
_aDurán Núñez, Víctor Ml., _d1964- _q(Víctor Manuel) _969531 |
|
| 245 | 1 | 0 |
_aArquitectura popular dominicana = Dominican popular architecture = Architecture populaire dominicaine _cVíctor Ml. Durán Núñez, Emilio José Brea García; traducciones, Pedro Canó, Alexandra Flaviá, Christopher Vicioso Turner, Rosene Zaros, Elisabeth Robert; prólogo, Manuel S. Gautier. |
| 246 | 1 | _aDominican popular architecture | |
| 246 | 1 | _aArchitecture populaire dominicaine | |
| 260 |
_aSanto Domingo : _bBanco Popular, _c2009. |
||
| 300 |
_a391 p. : _bil., fots., mapas, retrs. ; _c27 cm. |
||
| 500 | _aIncluye datos biográficos de los autores : p. 252-253 | ||
| 500 | _aTexto español, ingles y francés | ||
| 504 | _aBibliografía : p. 245-251 | ||
| 546 | _aTextos en español, ingles y frances | ||
| 590 | _aInventariado, 2019/BT | ||
| 650 | 0 |
_aArquitectura vernácula _982182 |
|
| 650 | 4 |
_aArquitectura _zRepública Dominicana _954378 |
|
| 700 | 1 |
_aCanó, Pedro, _etrad. ingles _955347 |
|
| 700 | 1 |
_aFlaviá, Alexandra, _etrad. ingles _969532 |
|
| 700 | 1 |
_aVicioso Turner, Christopher, _etrad. ingles _969533 |
|
| 700 | 1 |
_aZaros, Rosene, _etrad. inglés _969534 |
|
| 700 | 1 |
_aRobert, Elisabeth, _etrad. francés _969535 |
|
| 700 | 1 |
_aGautier, Manuel S., _eprol. _954379 |
|
| 910 | _aValidado, 2022/MFF | ||
| 942 |
_2ddc _cLBS1 |
||
| 999 |
_c41901 _d41901 |
||